États du Brésil - Mort subite - Statistiques

Statistiques générales
  • Ce quiz a été pris 163 fois
  • Le résultat moyen est 10 sur 15
Answers on the Grid
Answers color-coded by a green-red scale on the quiz's grid according to % correct below.
Cisplatine
Minas Gerais
Grão Pará
Amazonas
Ponta Porã
Iguaçu
Rio Grande do Norte
São Paulo
Misiones
Acre
Santa Catarina
Rondônia
Uruguay
Chaco
Canindeyú
Santa Cruz
Roraima
Ucayali
Mato Grosso
Alagoas
Apure
Sergipe
Pernambuco
Pando
Beni
Guyana
Rio Grande do Sul
Tocantins
Salta
Paraná
 
Statistiques - réponses
Réponse % Correct
São Paulo
85%
Amazonas
81%
Minas Gerais
77%
Rio Grande do Norte
77%
Mato Grosso
73%
Paraná
65%
Rio Grande do Sul
65%
Pernambuco
62%
Acre
58%
Roraima
58%
Rondônia
54%
Santa Catarina
54%
Sergipe
54%
Tocantins
50%
Alagoas
42%
Aucun quiz correspondant
Distribution des résultats
% des personnes avec chaque résultat
Percentile par nombre de réponses
Votre historique - résultats
Vous n’avez pas pris ce quiz